[Event "Tilburg"]
[Site "Tilburg"]
[Date "1977.09.24"]
[Round "2"]
[White "Timman, Jan H"]
[Black "Huebner, Robert"]
[Result "1-0"]
[WhiteElo "2590"]
[BlackElo "2600"]
[PlyCount "79"]
[EventDate "1977.09.23"]
[Source "ChessBase"]

1. e4 c5 2. Nf3 e6 3. d4 cxd4 4. Nxd4 a6 5. Bd3 Nf6 6. O-O d6 7. c4 g6 8. Nc3 Bg7 9. Be3 O-O 10. Rc1 b6 11. Qe2 Bb7 12. Rfd1 Nbd7 13. Bb1 Qc7 14. f3 Rac8 15. b3 Qb8 16. Qd2 Rfd8 17. Nde2 Bf8 18. Bh6 Be7 19. Nd4 Ba8 20. Re1 Re8 21. Kh1 Rc5 22. Be3 Rcc8 23. Bg5 Rc5 24. Be3 Rcc8 25. Bf2 Bf8 26. Bd3 Nh5 27. Bf1 Ne5 28. Be2 Nf6 29. Bg3 Ned7 30. Red1 Nh5 31. Bh4 Bg7 32. Bg5 Nc5 33. Nc2 Bf8 34. Ne3 f6 35. Bh4 f5 36. exf5 gxf5 37. g4 fxg4 38. Nxg4 Kh8 39. Nf6 Be7 40. Qh6 1-0

[Event "Yerevan ol (Men)"]
[Site "Yerevan"]
[Date "1996.??.??"]
[Round "11"]
[White "Timman, Jan H"]
[Black "Kengis, Edvins"]
[Result "1/2-1/2"]
[WhiteElo "2590"]
[BlackElo "2560"]
[PlyCount "95"]
[EventDate "1996.09.??"]
[Source "www.chesslib.no"]
[SourceDate "2004.05.04"]

1. e4 c5 2. Nf3 e6 3. d4 cxd4 4. Nxd4 a6 5. Bd3 Nf6 6. O-O d6 7. c4 g6 8. Nc3 Bg7 9. Bg5 Nbd7 10. Rc1 Qc7 11. b3 O-O 12. Qd2 b6 13. Bh6 Bb7 14. Bxg7 Kxg7 15. Bb1 Rad8 16. Kh1 Qc5 17. f3 Rfe8 18. Rfd1 Ne5 19. Na4 Qa5 20. Qxa5 bxa5 21. c5 dxc5 22. Nxc5 Bc8 23. Kg1 g5 24. Kf2 Kg8 25. Ke3 Rd6 26. Ne2 Rxd1 27. Rxd1 Nfd7 28. Rc1 Nb6 29. Bd3 Rd8 30. Rc3 f5 31. g3 fxe4 32. Bxe4 Kf7 33. Nd4 Kf6 34. a4 h5 35. Rc2 h4 36. gxh4 gxh4 37. Rg2 Nd5+ 38. Bxd5 exd5 39. f4 Ng4+ 40. Kf3 Nh6 41. Nc6 Re8 42. Ne5 Bf5 43. Rd2 Rd8 44. Ke3 h3 45. Kf3 Be4+ 46. Kf2 Kf5 47. Nxe4 Kxf4 48. Nc6 1/2-1/2

[Event "Olimpiadi 2008 - open"]
[Site "Dresda GER"]
[Date "2008.11.19"]
[Round "6"]
[White "Gomez, Joh"]
[Black "Illescas Cordoba, M."]
[Result "1/2-1/2"]
[WhiteElo "2519"]
[BlackElo "2604"]
[PlyCount "137"]
[EventDate "2008.11.13"]
[Source "www.chesslib.no"]
[SourceDate "2004.05.04"]

1. e4 c5 2. Nf3 e6 3. d4 cxd4 4. Nxd4 a6 5. Bd3 Nf6 6. O-O d6 7. c4 g6 8. Nc3 Bg7 9. Nf3 Nc6 10. Bf4 Ng4 11. Qd2 O-O 12. Rad1 Nge5 13. Nxe5 dxe5 14. Bh6 Qc7 15. Bxg7 Kxg7 16. Qe3 Bd7 17. Rd2 Rfd8 18. f4 exf4 19. Rxf4 Qe5 20. Rdf2 Be8 21. Rh4 Kg8 22. Bf1 Rd7 23. Qh3 h5 24. g4 hxg4 25. Rxg4 Rad8 26. Qg2 Qh8 27. Rg5 Ne5 28. Qg3 f6 29. Rxe5 fxe5 30. Bh3 Bf7 31. Rf3 Rd2 32. Qg5 R8d3 33. Rxd3 Rxd3 34. Bg4 Qg7 35. Kf1 Kh7 36. Ke2 Rd4 37. Qe7 b6 38. Bxe6 Bxe6 39. Qxe6 Qd7 40. Qxe5 Qg4+ 41. Kf2 Rd7 42. Ne2 Rf7+ 43. Ke3 Rf3+ 44. Kd4 Rf2 45. Qe7+ Kg8 46. Nc3 Rf7 47. Qd8+ Kg7 48. Nd5 Qg1+ 49. Ke5 Qxh2+ 50. Ke6 Qxb2 51. Qe8 Qf2 52. e5 Rf8 53. Qe7+ Qf7+ 54. Qxf7+ Rxf7 55. Nxb6 g5 56. Nd5 g4 57. Nf6 Kf8 58. Nxg4 Rf4 59. Ne3 Re4 60. Nd5 Rxc4 61. Kd6 Ra4 62. e6 Rxa2 63. e7+ Kf7 64. Nc7 Rd2+ 65. Kc6 Rc2+ 66. Kd7 Rxc7+ 67. Kxc7 Kxe7 68. Kb6 a5 69. Kxa5 1/2-1/2

[Event "New York op"]
[Site "New York"]
[Date "1987.??.??"]
[Round "?"]
[White "Sax, Gyula"]
[Black "Gheorghiu, Florin"]
[Result "1-0"]
[WhiteElo "2570"]
[BlackElo "2540"]
[PlyCount "121"]
[EventDate "1987.04.??"]
[Source "ChessBase"]

1. e4 c5 2. Nf3 e6 3. d4 cxd4 4. Nxd4 a6 5. Bd3 Nf6 6. O-O d6 7. c4 g6 8. Nc3 Bg7 9. Bg5 O-O 10. Qd2 b6 11. Rad1 Qc7 12. Rfe1 Bb7 13. Bf1 Rc8 14. Nf3 Ne8 15. Bf4 Rd8 16. e5 Bxf3 17. exd6 Qb7 18. gxf3 Nc6 19. Bg2 e5 20. Bg5 Rxd6 21. Nd5 f5 22. Be3 Ne7 23. Nxe7+ Qxe7 24. Qc2 Rad8 25. Rxd6 Rxd6 26. Qb3 Qe6 27. Bf1 Kh8 28. Qa4 Nc7 29. c5 bxc5 30. Bxc5 Rd2 31. Qa5 Rd7 32. Qb6 Qxb6 33. Bxb6 Nd5 34. Bc5 a5 35. Bb5 Rc7 36. Rc1 Bf6 37. Rc4 Kg7 38. Bd6 Rxc4 39. Bxc4 Nb6 40. Be6 e4 41. fxe4 fxe4 42. b4 axb4 43. Bxb4 Bd4 44. Bb3 Kf6 45. a4 Ke5 46. Kf1 Nd5 47. Bf8 Bb6 48. Bg7+ Kd6 49. Bh6 Ke5 50. Bd2 e3 51. fxe3 Nxe3+ 52. Ke2 Nf5 53. Kd3 Bg1 54. h3 h6 55. a5 g5 56. a6 h5 57. Bxg5 Ba7 58. Bd1 h4 59. Bg4 Bf2 60. Bxf5 Kxf5 61. Bxh4 1-0

[Event "Vienna op"]
[Site "Vienna"]
[Date "1986.??.??"]
[Round "?"]
[White "Nunn, John DM"]
[Black "Gheorghiu, Florin"]
[Result "1/2-1/2"]
[WhiteElo "2585"]
[BlackElo "2525"]
[PlyCount "93"]
[EventDate "1986.01.??"]
[Source "ChessBase"]

1. e4 c5 2. Nf3 e6 3. d4 cxd4 4. Nxd4 a6 5. Bd3 Nf6 6. O-O d6 7. c4 g6 8. Nc3 Bg7 9. Nb3 O-O 10. Be2 Nc6 11. Bf4 Ne8 12. Qd2 b6 13. Rfd1 Ne5 14. Rac1 Qc7 15. Bh6 Bxh6 16. Qxh6 Bb7 17. Nd4 Nf6 18. Qh4 Qe7 19. f4 Nc6 20. Nxc6 Bxc6 21. Rd3 b5 22. e5 dxe5 23. fxe5 Nd5 24. Qxe7 Nxe7 25. cxb5 axb5 26. Rd4 Nd5 27. Ne4 Ne7 28. Nc3 Nd5 29. a3 Rfc8 30. Ne4 Be8 31. Rxc8 Rxc8 32. Nd6 Rc1+ 33. Rd1 Nf4 34. Bf3 Rxd1+ 35. Bxd1 Bc6 36. Bf3 Bxf3 37. gxf3 Nd3 38. b4 Nxe5 39. Kf2 g5 40. Nxb5 f5 41. Nd4 Kf7 42. b5 Nc4 43. a4 Ke7 44. Nb3 Kd6 45. a5 e5 46. Ke2 Kd5 47. Kd3 1/2-1/2

[Event "Passau op"]
[Site "Passau"]
[Date "1997.??.??"]
[Round "?"]
[White "Lutz, Christopher"]
[Black "Cvitan, Ognjen"]
[Result "1/2-1/2"]
[WhiteElo "2555"]
[BlackElo "2550"]
[PlyCount "83"]
[EventDate "1997.04.??"]
[Source "www.chesslib.no"]
[SourceDate "2004.05.04"]

1. e4 c5 2. Nf3 e6 3. d4 cxd4 4. Nxd4 a6 5. Bd3 Nf6 6. O-O d6 7. c4 g6 8. Nc3 Bg7 9. Nb3 O-O 10. Be2 Qe7 11. Bf4 Rd8 12. Qd2 Nc6 13. Rfd1 Ne8 14. Be3 Rb8 15. Bb6 Nc7 16. Rac1 Bf8 17. Qf4 Rd7 18. c5 Na8 19. cxd6 Rxd6 20. Bc5 Rxd1+ 21. Rxd1 Qc7 22. Qh4 Bd7 23. e5 Nxe5 24. Ne4 Bxc5 25. Nbxc5 Bc6 26. Nf6+ Kg7 27. f4 h6 28. fxe5 Qxe5 29. Nfe4 Bxe4 30. Nd7 Qxb2 31. Qxe4 Rc8 32. Rf1 Rc1 33. Qe5+ Qxe5 34. Nxe5 Rxf1+ 35. Kxf1 Nc7 36. Kf2 f6 37. Nd7 b5 38. Ke3 e5 39. Bf3 Kf7 40. g4 Ke7 41. Nc5 f5 42. gxf5 1/2-1/2

[Event "CZE-ch"]
[Site "Zlin"]
[Date "1997.??.??"]
[Round "10"]
[White "Kalod, Radek"]
[Black "Movsesian, Sergei"]
[Result "0-1"]
[WhiteElo "2455"]
[BlackElo "2630"]
[PlyCount "106"]
[EventDate "1997.06.12"]
[Source "ChessBase"]
[SourceDate "1997.11.23"]

1. e4 c5 2. Nf3 e6 3. d4 cxd4 4. Nxd4 a6 5. Bd3 Nf6 6. O-O d6 7. c4 g6 8. Nc3 Bg7 9. Be3 O-O 10. Rc1 b6 11. f3 Bb7 12. Qd2 Nbd7 13. Rfd1 Qc7 14. Bf1 Rac8 15. Qf2 Nh5 16. b4 Be5 17. g3 Rfe8 18. f4 Bg7 19. Ndb5 axb5 20. Nxb5 Qc6 21. Nxd6 Nhf6 22. Bg2 Ng4 23. Qe2 Nxe3 24. Qxe3 Bf8 25. Nxe8 Rxe8 26. a3 Nf6 27. Re1 e5 28. f5 Rd8 29. h3 Rd4 30. Kh2 Qd7 31. fxg6 hxg6 32. Qf3 Qe6 33. c5 bxc5 34. bxc5 Bc6 35. Qf2 Nxe4 36. Bxe4 Bxe4 37. Re2 Qc6 38. Qe1 f5 39. Qa5 Bh6 40. Rce1 Rc4 41. Qd8+ Bf8 42. h4 Rxc5 43. Rd2 Bf3 44. Qb8 Rb5 45. Qd8 Rd5 46. Qg5 Be7 47. Qe3 Bc5 48. Qb3 Kg7 49. Ree2 Rxd2 50. Rxd2 Bg1+ 51. Kxg1 Qc1+ 52. Kf2 Qxd2+ 53. Kxf3 e4# 0-1

[Event "Bern zt"]
[Site "Bern"]
[Date "1990.??.??"]
[Round "3"]
[White "Wahls, Matthias"]
[Black "Bischoff, Klaus"]
[Result "1/2-1/2"]
[WhiteElo "2565"]
[BlackElo "2505"]
[PlyCount "30"]
[EventDate "1990.01.??"]
[Source "ChessBase"]

1. e4 c5 2. Nf3 e6 3. d4 cxd4 4. Nxd4 a6 5. Bd3 Nf6 6. O-O d6 7. c4 g6 8. Nc3 Bg7 9. Nb3 O-O 10. Bf4 d5 11. exd5 exd5 12. c5 Bg4 13. Qd2 Nc6 14. h3 Be6 15. Rfd1 d4 1/2-1/2

[Event "Cannes op"]
[Site "Cannes"]
[Date "1996.??.??"]
[Round "7"]
[White "Gallagher, Joseph G"]
[Black "Cvitan, Ognjen"]
[Result "1/2-1/2"]
[WhiteElo "2525"]
[BlackElo "2540"]
[PlyCount "32"]
[EventDate "1996.02.??"]
[Source "ChessBase"]

1. e4 c5 2. Nf3 e6 3. d4 cxd4 4. Nxd4 a6 5. Bd3 Nf6 6. O-O d6 7. c4 g6 8. Nc3 Bg7 9. Be2 O-O 10. Nb3 Nc6 11. Bf4 Ne8 12. c5 Ne5 13. Be3 f5 14. f4 Nf7 15. Bf3 fxe4 16. Bxe4 d5 1/2-1/2

[Event "St Martin Open"]
[Site "St Martin"]
[Date "1992.??.??"]
[Round "4"]
[White "Renet, Olivier"]
[Black "Sokolov, Andrei"]
[Result "1/2-1/2"]
[WhiteElo "2495"]
[BlackElo "2565"]
[PlyCount "125"]
[EventDate "1992.??.??"]
[Source "www.chesslib.no"]
[SourceDate "2004.05.04"]

1. e4 c5 2. Nf3 e6 3. d4 cxd4 4. Nxd4 a6 5. Bd3 d6 6. O-O Nf6 7. c4 g6 8. Nc3 Bg7 9. Nf3 O-O 10. Bf4 Nc6 11. Be2 e5 12. Be3 Ng4 13. Bg5 f6 14. Bd2 f5 15. Bg5 Bf6 16. Bxf6 Nxf6 17. exf5 Bxf5 18. Qd2 Qb6 19. Rad1 Rad8 20. b3 Kg7 21. Qb2 h6 22. Rd2 Ne4 23. Nd5 Qa7 24. Rdd1 Nc5 25. Kh1 Be4 26. Ng1 Bxd5 27. cxd5 Nb8 28. f4 Nbd7 29. fxe5 dxe5 30. Bg4 Nd3 31. Qa3 Qc5 32. Qxc5 N7xc5 33. Rxf8 Kxf8 34. Nh3 Rxd5 35. Kg1 Nb4 36. Rf1+ Ke7 37. a3 Nc6 38. b4 Ne6 39. Nf2 Rd4 40. Bf3 Ng5 41. Bxc6 bxc6 42. Rc1 Kd6 43. Kf1 Ne6 44. Rc3 h5 45. g3 c5 46. bxc5+ Nxc5 47. Rf3 Ra4 48. Nd1 e4 49. Rf6+ Ke5 50. Rxg6 Rxa3 51. Rc6 Kd4 52. Rd6+ Kc4 53. Ke2 Ra2+ 54. Ke3 Ra3+ 55. Ke2 a5 56. Ne3+ Kb5 57. Rd2 a4 58. h3 Rd3 59. g4 hxg4 60. hxg4 a3 61. g5 Rxd2+ 62. Kxd2 a2 63. Nc2 1/2-1/2

[Event "Eastern op"]
[Site "Washington DC"]
[Date "1997.??.??"]
[Round "6"]
[White "Ivanov, Alexander V"]
[Black "Meyer, Eugene B"]
[Result "1-0"]
[WhiteElo "2565"]
[BlackElo "2475"]
[PlyCount "70"]
[EventDate "1997.??.??"]
[Source "www.chesslib.no"]
[SourceDate "2004.05.04"]

1. e4 c5 2. Nf3 e6 3. d4 cxd4 4. Nxd4 a6 5. Bd3 Nf6 6. O-O d6 7. c4 g6 8. Nc3 Bg7 9. Bg5 Nbd7 10. Rc1 b6 11. Bb1 Bb7 12. Nf3 Qc7 13. Qd2 Ne5 14. Nxe5 dxe5 15. f3 O-O 16. Qf2 Nd7 17. Rfd1 f6 18. Be3 Rab8 19. b4 f5 20. exf5 gxf5 21. Na4 Ba8 22. c5 bxc5 23. Bxc5 Nxc5 24. Nxc5 Rbc8 25. Bd3 Bh6 26. Bxa6 Rcd8 27. Bc4 Bxc1 28. Rxc1 Kh8 29. Nxe6 Qxc4 30. Rxc4 Rd1+ 31. Qf1 Rxf1+ 32. Kxf1 Bd5 33. Nxf8 Bxc4+ 34. Kf2 Bxa2 35. Nd7 e4 1-0

[Event "Bucharest ROM"]
[Site "?"]
[Date "2006.05.10"]
[Round "6"]
[White "Timoshenko Georgy"]
[Black "Manolache Marius"]
[Result "0-1"]
[WhiteElo "2547"]
[BlackElo "2492"]
[PlyCount "76"]
[EventDate "2006.??.??"]
[Source "www.chesslib.no"]
[SourceDate "2004.05.04"]

1. e4 c5 2. Nf3 e6 3. d4 cxd4 4. Nxd4 a6 5. Bd3 d6 6. O-O g6 7. c4 Nf6 8. Nc3 Bg7 9. Bg5 Nbd7 10. Rc1 Qa5 11. Qd2 h6 12. Bf4 e5 13. Nb3 Qd8 14. Bg3 Nh5 15. Be2 Nxg3 16. fxg3 O-O 17. Qxd6 a5 18. c5 a4 19. Nd2 Nxc5 20. Qxd8 Rxd8 21. Nd5 Bf8 22. Rc2 Be6 23. Nc7 Rac8 24. Nxe6 Nxe6 25. Rxc8 Rxc8 26. Nc4 Ng5 27. Bd3 Nxe4 28. Bxe4 Rxc4 29. Bxb7 Bc5+ 30. Kh1 Rc2 31. Bd5 Bf2 32. b4 Rd2 33. h3 Kg7 34. g4 a3 35. b5 f5 36. gxf5 gxf5 37. g4 f4 38. h4 Rxd5 0-1

[Event "CRO-chT2"]
[Site "Pula"]
[Date "2000.09.13"]
[Round "3"]
[White "Gyimesi, Zoltan"]
[Black "Farago, Ivan"]
[Result "1/2-1/2"]
[WhiteElo "2539"]
[BlackElo "2486"]
[PlyCount "35"]
[EventDate "2000.09.??"]
[Source "www.chesslib.no"]
[SourceDate "2004.05.04"]

1. e4 c5 2. Nf3 e6 3. d4 cxd4 4. Nxd4 a6 5. Bd3 Nf6 6. O-O d6 7. c4 g6 8. b3 Bg7 9. Bb2 O-O 10. Nd2 Qc7 11. Qe2 Nbd7 12. Rac1 b6 13. Kh1 Bb7 14. Bb1 Rfe8 15. f4 e5 16. fxe5 dxe5 17. N4f3 Nh5 18. Qf2 1/2-1/2

[Event "Lone Pine op"]
[Site "Lone Pine"]
[Date "1975.??.??"]
[Round "7"]
[White "Browne, Walter S"]
[Black "Sigurjonsson, Gudmundur"]
[Result "1-0"]
[WhiteElo "2550"]
[BlackElo "2475"]
[PlyCount "183"]
[EventDate "1975.??.??"]
[Source "ChessBase"]

1. e4 c5 2. Nf3 e6 3. d4 cxd4 4. Nxd4 a6 5. Bd3 Nf6 6. O-O d6 7. c4 g6 8. Nc3 Bg7 9. Be3 O-O 10. Qe2 Nbd7 11. Rfd1 Qc7 12. Rac1 b6 13. f3 Bb7 14. b4 Rfc8 15. Nb3 Bf8 16. Qf2 Rab8 17. Na4 Bc6 18. Nc3 Ba8 19. Bf1 Be7 20. Na4 a5 21. Nc3 axb4 22. Nb5 Qc6 23. Na7 Qc7 24. Nxc8 Rxc8 25. Bd2 Nc5 26. Bxb4 Nh5 27. Nd4 g5 28. Nb5 Qb8 29. Qe3 h6 30. Qa3 Nf4 31. Qa7 Qxa7 32. Nxa7 Rd8 33. Rb1 Kf8 34. Ba3 Rb8 35. Nb5 Bc6 36. Nxd6 Ra8 37. Bxc5 bxc5 38. Rb2 Bf6 39. Rb6 Ba4 40. Rdb1 Bd4+ 41. Kh1 Ke7 42. g3 Ng6 43. Nb5 Be3 44. Re1 Bd2 45. Rb7+ Kf6 46. Re2 Rd8 47. Kg2 Bd1 48. Rf2 Be3 49. Nc3 Bxf2 50. Kxf2 Ne5 51. f4 Ng4+ 52. Kg1 Rd2 53. e5+ Kg6 54. Bg2 gxf4 55. gxf4 Ne3 56. Be4+ Kg7 57. Rc7 Bc2 58. Bf3 Nxc4 59. Rxc5 Bd3 60. Be4 Bxe4 61. Nxe4 Rd4 62. Ng3 Kg6 63. Ne2 Rd2 64. f5+ Kg5 65. fxe6 fxe6 66. h4+ Kf5 67. Ng3+ Kg4 68. Nf1 Rxa2 69. Rxc4+ Kf5 70. Ne3+ Kxe5 71. Ng4+ Kf5 72. Nxh6+ Kg6 73. Ng4 Kh5 74. Nh2 Rb2 75. Nf1 Kg6 76. Ng3 Ra2 77. Rf4 Rb2 78. Rg4+ Kf7 79. Rf4+ Kg6 80. Rg4+ Kf7 81. h5 Ra2 82. Rf4+ Kg7 83. Rg4+ Kf7 84. Rf4+ Kg7 85. Rf2 Ra4 86. Kg2 Rb4 87. Kh3 Ra4 88. Re2 Kf6 89. Re4 Ra5 90. Rg4 Kf7 91. h6 Ra8 92. Nh5 1-0

[Event "Tatran Cup"]
[Site "Stary Smokovec"]
[Date "1991.??.??"]
[Round "2"]
[White "Popovic, Petar"]
[Black "Plachetka, Jan"]
[Result "1-0"]
[WhiteElo "2550"]
[BlackElo "2470"]
[PlyCount "127"]
[EventDate "1991.10.??"]
[Source "ChessBase"]

1. e4 c5 2. Nf3 e6 3. d4 cxd4 4. Nxd4 a6 5. Bd3 Nf6 6. O-O d6 7. c4 g6 8. Nc3 Bg7 9. Bg5 O-O 10. Qd2 Re8 11. Rfd1 Nbd7 12. Nf3 Qc7 13. Be2 Bf8 14. Qf4 Nh5 15. Qe3 b6 16. b4 Bb7 17. Rac1 Rac8 18. a3 Nhf6 19. h3 Qb8 20. Bf4 e5 21. Bg5 Bc6 22. Nd2 Be7 23. Qd3 Nf8 24. Be3 Ne6 25. Nd5 Bd8 26. Nb1 Nf4 27. Nxf4 Bxe4 28. Qd2 exf4 29. Bxf4 Qb7 30. Bf1 d5 31. c5 bxc5 32. bxc5 Be7 33. Be3 Nd7 34. f3 Bf5 35. Qxd5 Qxd5 36. Rxd5 Rc6 37. Nd2 Rec8 38. Ne4 Be6 39. Rd2 f5 40. Nd6 R8c7 41. Re1 Bh4 42. Rb1 Be7 43. Re2 Bf8 44. Nb7 Bc4 45. Rc2 Bxf1 46. Kxf1 Be7 47. Bf2 Kf7 48. Na5 Re6 49. c6 Ne5 50. Rb7 Rc8 51. Bh4 h6 52. Bxe7 Rxe7 53. Rc5 Nd3 54. Rd5 Nf4 55. Rd4 g5 56. Rd6 Ne6 57. Nc4 Kf6 58. Nb6 Rxc6 59. Nd7+ Rxd7 60. Rbxd7 Rc1+ 61. Kf2 Rc2+ 62. Rd2 Rc3 63. R7d3 Rc4 64. Rd6 1-0

[Event "NBG Open Weilburg"]
[Site "Weilburg"]
[Date "1996.??.??"]
[Round "8"]
[White "Mainka, Romuald"]
[Black "Kengis, Edvins"]
[Result "1/2-1/2"]
[WhiteElo "2455"]
[BlackElo "2560"]
[PlyCount "49"]
[EventDate "1996.??.??"]
[Source "www.chesslib.no"]
[SourceDate "2004.05.04"]

1. e4 c5 2. Nf3 e6 3. d4 cxd4 4. Nxd4 a6 5. Bd3 Nf6 6. O-O d6 7. c4 g6 8. Nc3 Bg7 9. Be2 O-O 10. Nb3 Nc6 11. Bf4 Ne8 12. Qd2 b6 13. Rfd1 Ne5 14. Rac1 Qc7 15. Be3 Bb7 16. f3 Rb8 17. Bf1 f5 18. exf5 gxf5 19. Qf2 Ba8 20. Ne2 Nf6 21. Nf4 Rfe8 22. Nd4 Qf7 23. Nde2 b5 24. cxb5 axb5 25. b3 1/2-1/2

[Event "Clarin"]
[Site "Buenos Aires"]
[Date "1978.??.??"]
[Round "6"]
[White "Torre, Eugenio"]
[Black "Gheorghiu, Florin"]
[Result "1/2-1/2"]
[WhiteElo "2490"]
[BlackElo "2520"]
[PlyCount "24"]
[EventDate "1978.11.??"]
[Source "ChessBase"]

1. e4 c5 2. Nf3 e6 3. d4 cxd4 4. Nxd4 a6 5. Bd3 Nf6 6. O-O d6 7. c4 g6 8. Nc3 Bg7 9. Re1 O-O 10. Bf1 b6 11. Nc2 Nc6 12. b3 Ng4 1/2-1/2

[Event "Capablanca mem-A"]
[Site "Cienfuegos"]
[Date "1986.??.??"]
[Round "3"]
[White "Barbulescu, Dan"]
[Black "Eingorn, Vereslav S"]
[Result "1/2-1/2"]
[WhiteElo "2450"]
[BlackElo "2560"]
[PlyCount "49"]
[EventDate "1986.05.??"]
[Source "ChessBase"]

1. e4 c5 2. Nf3 e6 3. d4 cxd4 4. Nxd4 a6 5. Bd3 Nf6 6. O-O d6 7. c4 g6 8. Nc3 Bg7 9. Be3 O-O 10. Be2 b6 11. Bf3 Ra7 12. a4 Rc7 13. Nde2 Rxc4 14. Qb3 Rc5 15. Bxc5 dxc5 16. g3 Nc6 17. Rfd1 Qc7 18. Nb1 Nd7 19. Na3 Nde5 20. Bg2 Na5 21. Qc2 Nec6 22. Rab1 Qe7 23. Nc4 Nb4 24. Qc1 Na2 25. Qc2 1/2-1/2

[Event "Warszawa"]
[Site "?"]
[Date "1990.??.??"]
[Round "?"]
[White "Sznapik, A."]
[Black "Cvitan, O."]
[Result "1-0"]
[WhiteElo "2485"]
[BlackElo "2525"]
[PlyCount "65"]
[EventDate "1990.??.??"]
[Source "ChessBase"]
[SourceDate "1990.01.01"]

1. e4 c5 2. Nf3 e6 3. d4 cxd4 4. Nxd4 a6 5. Bd3 Nf6 6. O-O d6 7. c4 g6 8. Nc3 Bg7 9. Qe2 O-O 10. Rd1 Qc7 11. Nf3 Nc6 12. Bf4 Nh5 13. Be3 Bd7 14. Rac1 Ne5 15. Nxe5 Bxe5 16. Qd2 Rfd8 17. f4 Bg7 18. Be2 Be8 19. Bxh5 gxh5 20. Qe2 Rac8 21. Qxh5 f5 22. Qg5 h6 23. Qg3 Qf7 24. exf5 Qxf5 25. Ne2 Kh7 26. Nd4 Qe4 27. Bf2 e5 28. Ne6 Rd7 29. Qh3 Qg6 30. fxe5 Rc6 31. Nf4 Qe4 32. e6 Re7 33. Nd5 1-0

[Event "BL 0304"]
[Site "Germany"]
[Date "2004.03.08"]
[Round "11.2"]
[White "Hracek, Zbynek"]
[Black "Espig, Lutz"]
[Result "1-0"]
[WhiteElo "2578"]
[BlackElo "2429"]
[PlyCount "93"]
[EventDate "2004.03.06"]
[Source "Roberto Alvarez"]
[SourceDate "2004.03.22"]

1. e4 c5 2. Nf3 e6 3. d4 cxd4 4. Nxd4 a6 5. Bd3 Nf6 6. O-O d6 7. c4 g6 8. Nc3 Bg7 9. Nf3 O-O 10. Bf4 Ng4 11. Be2 Ne5 12. Qd2 Nbc6 13. Rfd1 Nxf3+ 14. Bxf3 Nd4 15. Be2 e5 16. Bg5 Bf6 17. Be3 Be6 18. Bf1 Rc8 19. b3 Bg7 20. Rac1 f5 21. exf5 Nxf5 22. Nd5 Kh8 23. Bb6 Qd7 24. Ne3 Bh6 25. a4 Qf7 26. Rc3 Rc6 27. a5 Nd4 28. Rd3 Bf5 29. Rxd4 exd4 30. Qxd4+ Bg7 31. Qd2 Be5 32. Nxf5 Qxf5 33. g3 d5 34. Bg2 dxc4 35. Bxc6 c3 36. Bd7 cxd2 37. Bxf5 Rxf5 38. Rxd2 Bc3 39. Rd7 Bxa5 40. Bd4+ Kg8 41. Rg7+ Kf8 42. Rxb7 Rd5 43. Be3 h5 44. Ra7 Rb5 45. Rxa6 Kf7 46. Bd4 Bd8 47. Rd6 1-0

[Event "Biel (open)"]
[Site "?"]
[Date "1990.??.??"]
[Round "?"]
[White "Vogt, L."]
[Black "Gheorghiu, F."]
[Result "1-0"]
[WhiteElo "2505"]
[BlackElo "2500"]
[PlyCount "147"]
[EventDate "1990.??.??"]
[Source "ChessBase"]
[SourceDate "1990.07.01"]

1. e4 c5 2. Nf3 e6 3. d4 cxd4 4. Nxd4 a6 5. Bd3 Nf6 6. O-O d6 7. c4 g6 8. Nc3 Bg7 9. Bg5 Nbd7 10. Kh1 Qc7 11. Rc1 b6 12. f3 Bb7 13. Qd2 O-O 14. Rfd1 Rac8 15. Bf1 Ne5 16. b3 Rfd8 17. Qf4 Ned7 18. Qh4 Qb8 19. Nc2 Re8 20. Qf4 Ng4 21. Qxg4 Bxc3 22. Nd4 Bb4 23. Qg3 d5 24. cxd5 Qxg3 25. hxg3 exd5 26. Rxc8 Rxc8 27. exd5 Bd6 28. Nc6 f6 29. Bf4 Ne5 30. a4 Kf7 31. Be3 Nd7 32. f4 Nc5 33. Bc4 Kf8 34. Bd4 Ne4 35. Kh2 Bc5 36. Bb2 f5 37. Nd4 Ke7 38. g4 Kd7 39. gxf5 Bd6 40. g3 gxf5 41. Nxf5 Bb4 42. Ne3 Rg8 43. Bd3 Nxg3 44. Bxh7 Re8 45. Nc4 Ne2 46. Bf5+ Kd8 47. Bf6+ Be7 48. Bxe7+ Rxe7 49. Nxb6 Nxf4 50. Rd4 Ne2 51. Rh4 Kc7 52. a5 Rf7 53. Be4 Nc3 54. Bg2 Nb5 55. Rh6 Nd6 56. Nc4 Rd7 57. Bh3 Rd8 58. Rh7+ Kb8 59. Bd7 Nb5 60. Bxb5 axb5 61. Nb6 Rd6 62. Nd7+ Ka8 63. Nb6+ Kb8 64. Rh5 b4 65. Kg3 Ka7 66. Kf4 Rf6+ 67. Ke4 Ka6 68. Nc4 Rf1 69. Kd4 Rb1 70. d6 Bc8 71. Rh8 Bd7 72. Nb6 Be6 73. Kc5 Rxb3 74. Ra8+ 1-0

[Event "Wien"]
[Site "?"]
[Date "1990.??.??"]
[Round "?"]
[White "Gavrikov, V."]
[Black "Plachetka, J."]
[Result "1-0"]
[WhiteElo "2580"]
[BlackElo "2425"]
[PlyCount "71"]
[EventDate "1990.??.??"]
[Source "ChessBase"]
[SourceDate "1990.07.01"]

1. e4 c5 2. Nf3 e6 3. d4 cxd4 4. Nxd4 a6 5. Bd3 Nf6 6. O-O d6 7. c4 g6 8. Nc3 Bg7 9. Be3 O-O 10. Re1 b6 11. f3 Bb7 12. Bf1 Nbd7 13. Qd2 Rc8 14. Rac1 Ne5 15. Na4 Nfd7 16. b4 Re8 17. Nb3 Bf8 18. Red1 f5 19. exf5 Bxf3 20. fxe6 Rxe6 21. Nd4 Bxd1 22. Nxe6 Qe7 23. Nxf8 Bxa4 24. Nxd7 Nxd7 25. Qd5+ Kg7 26. Re1 Ne5 27. Bxb6 Bc6 28. Qd2 Re8 29. Bf2 Qf6 30. h3 Kg8 31. b5 Bb7 32. a4 Re6 33. Bg3 Nf7 34. Rxe6 Qxe6 35. Qd4 Qf5 36. Bxd6 1-0

[Event "Wch U20"]
[Site "Zagan"]
[Date "1997.07.18"]
[Round "5"]
[White "Van den Doel, Erik"]
[Black "Movsesian, Sergei"]
[Result "0-1"]
[WhiteElo "2440"]
[BlackElo "2555"]
[PlyCount "108"]
[EventDate "1997.07.14"]
[Source "ChessBase"]
[SourceDate "1997.09.26"]

1. e4 c5 2. Nf3 e6 3. d4 cxd4 4. Nxd4 a6 5. Bd3 Nf6 6. O-O d6 7. c4 g6 8. Nc3 Bg7 9. Nf3 Nc6 10. Be2 Ng4 11. Ne1 h5 12. h3 Nge5 13. Be3 g5 14. Qd2 g4 15. h4 Bf6 16. g3 Rg8 17. Kg2 b6 18. Rd1 Be7 19. Na4 Nd7 20. f3 Bb7 21. f4 Nc5 22. Bxc5 bxc5 23. Nc2 Qc7 24. Kg1 O-O-O 25. Qe3 Bf6 26. a3 Nd4 27. Nxd4 Bxd4 28. Rxd4 cxd4 29. Qxd4 Kb8 30. b4 f5 31. Rb1 e5 32. Qe3 exf4 33. Qxf4 Rge8 34. b5 a5 35. Nc3 Qc5+ 36. Kh2 fxe4 37. Na4 Qxa3 38. Nb6 Qc5 39. Na4 Qe5 40. Qe3 Rf8 41. c5 dxc5 42. Nxc5 Qd4 43. Na6+ Ka7 44. b6+ Ka8 45. Nc7+ Kb8 46. Qxd4 Rxd4 47. Ne6 Rd2 48. Nxf8 Rxe2+ 49. Kg1 e3 50. Nd7+ Kc8 51. Rc1+ Kd8 52. Nc5 Bf3 53. b7 Rg2+ 54. Kf1 Kc7 0-1

[Event "Novi Sad (ol)"]
[Site "?"]
[Date "1990.??.??"]
[Round "?"]
[White "Ermenkov, E."]
[Black "Bischoff, K."]
[Result "1/2-1/2"]
[WhiteElo "2465"]
[BlackElo "2530"]
[PlyCount "95"]
[EventDate "1990.??.??"]
[Source "ChessBase"]
[SourceDate "1990.07.01"]

1. e4 c5 2. Nf3 e6 3. d4 cxd4 4. Nxd4 a6 5. Bd3 Nf6 6. O-O d6 7. c4 g6 8. Nc3 Bg7 9. Be2 O-O 10. Nb3 Nc6 11. Bf4 Ne8 12. Qd2 b6 13. Rfd1 Ne5 14. Bh6 Bxh6 15. Qxh6 Qc7 16. Rac1 f5 17. f4 Nf7 18. Qh4 Ra7 19. Bf3 Ng7 20. Nd4 Bd7 21. Kh1 Qd8 22. Qg3 Kh8 23. e5 Qc7 24. exd6 Nxd6 25. b3 Nf7 26. Qh4 Kg8 27. b4 h6 28. c5 g5 29. fxg5 hxg5 30. Qe1 bxc5 31. bxc5 g4 32. Be2 Qe5 33. c6 Bc8 34. Bc4 Rc7 35. Bb3 Kh7 36. Qh4+ Kg6 37. Nxf5 Nxf5 38. Qxg4+ Ng5 39. Re1 Ne3 40. Bc2+ Kg7 41. Qh5 Rh8 42. Rxe3 Qxe3 43. Qg6+ Kf8 44. Qf6+ Nf7 45. Rf1 Kg8 46. Qg6+ Kf8 47. Qf6 Kg8 48. Qg6+ 1/2-1/2

[Event "Viking op"]
[Site "Aaland-Stockholm"]
[Date "1997.??.??"]
[Round "?"]
[White "Bykhovsky, Avigdor"]
[Black "Kengis, Edvins"]
[Result "0-1"]
[WhiteElo "2400"]
[BlackElo "2590"]
[PlyCount "72"]
[EventDate "1997.08.??"]
[Source "www.chesslib.no"]
[SourceDate "2004.05.04"]

1. e4 c5 2. Nf3 e6 3. d4 cxd4 4. Nxd4 a6 5. Bd3 Nf6 6. O-O d6 7. c4 g6 8. Nc3 Bg7 9. Be3 Nbd7 10. h3 O-O 11. Qd2 b6 12. Rac1 Bb7 13. Rfd1 Rc8 14. f3 Qc7 15. Bf1 Rfd8 16. Qf2 Qb8 17. Nc2 Ba8 18. Na3 Bf8 19. Na4 Rc6 20. b4 d5 21. exd5 exd5 22. b5 Re6 23. c5 Rxe3 24. Qxe3 bxc5 25. bxa6 Re8 26. Qd2 c4 27. Nc2 Qa7+ 28. Nd4 Qxa6 29. Nc3 Bc5 30. g3 Nh5 31. Kg2 Qd6 32. Qf2 Nf8 33. Ncb5 Qb8 34. Be2 Ne6 35. f4 Nexf4+ 36. gxf4 Rxe2 0-1